000 00296nam a2200097Ia 4500
008 230915s9999 xx 000 0 und d
050 _aHD30.25.A53 1976 C.1
100 _aDAVID R.ANDERSON
245 3 _aAN INTRODUCTION TO MANAGEMENT SCIENCE: QUALITIATIVE APPROACHES TO DECISION MAKING
942 _cBK
999 _c78208
_d78208